书目信息 |
| 题名: |
幼儿科学教育与活动指导
|
|
| 作者: | 施燕 编著 | |
| 分册: | ||
| 出版信息: | 上海 华东师范大学出版社 2020 |
|
| 页数: | 204页 | |
| 开本: | 26cm | |
| 丛书名: | ||
| 单 册: | ||
| 中图分类: | G613.3 | |
| 科图分类: | ||
| 主题词: | 科学知识--学前教育--教材 | |
| 电子资源: | ||
| ISBN: | 978-7-5760-0222-5 | |
| 000 | 00928nam0 2200241 450 | |
| 001 | 2351998907 | |
| 005 | 20231219143028.86 | |
| 010 | @a978-7-5760-0222-5@d36.00CNY | |
| 100 | @a20210825e20212020em y0chiy0120 ea | |
| 101 | 0 | @achi |
| 102 | @aCN@b310000 | |
| 105 | @aa z 000yy | |
| 200 | 1 | @a幼儿科学教育与活动指导@Ayou er ke xue jiao yu yu huo dong zhi dao@b专著@f施燕编著 |
| 205 | @a2版 | |
| 210 | @a上海@c华东师范大学出版社@d2020@h2021重印 | |
| 215 | @a204页@c图,彩照@d26cm | |
| 300 | @a“新标准”学前教育专业系列教材 学前教育专业教材 微课版 | |
| 330 | @a本书共八个单元,主要内容包括:幼儿科学教育概述、幼儿科学教育的目标及内容、幼儿科学教育的方法、幼儿园一日活动中的科学教育、集体教学活动的设计与指导、活动区中科学教育的设计与指导、幼儿科学教育评价等。 | |
| 606 | 0 | @a科学知识@x学前教育@j教材 |
| 690 | @aG613.3@v5 | |
| 701 | 0 | @a施燕@Ashi yan@4编著 |
| 801 | 2 | @aCN@b辽宁北配@c20231205 |
| 905 | @aBZT@dG613.3@e10=2 | |
| 幼儿科学教育与活动指导/施燕编著.-2版.-上海:华东师范大学出版社,2020(2021重印) |
| 204页:图,彩照;26cm |
| “新标准”学前教育专业系列教材 学前教育专业教材 微课版 |
| ISBN 978-7-5760-0222-5:36.00CNY |
| 本书共八个单元,主要内容包括:幼儿科学教育概述、幼儿科学教育的目标及内容、幼儿科学教育的方法、幼儿园一日活动中的科学教育、集体教学活动的设计与指导、活动区中科学教育的设计与指导、幼儿科学教育评价等。 |
| ● |
| 相关链接 |
|
|
|
正题名:幼儿科学教育与活动指导
索取号:G613.3/10=2
 
预约/预借
| 序号 | 登录号 | 条形码 | 馆藏地/架位号 | 状态 | 备注 |
| 1 | 2001601454 | 2001601454 | 辽三/辽宁北配(第三批)/2203/ [索取号:G613.3/10=2] | 在馆 | |
| 2 | 2001601455 | 2001601455 | 辽三/辽宁北配(第三批)/2203/ [索取号:G613.3/10=2] | 在馆 | |
| 3 | 2001601456 | 2001601456 | 辽三/辽宁北配(第三批)/2203/ [索取号:G613.3/10=2] | 在馆 | |
| 4 | 2001601457 | 2001601457 | 辽三/辽宁北配(第三批)/2203/ [索取号:G613.3/10=2] | 在馆 | |
| 5 | 2001601458 | 2001601458 | 辽三/辽宁北配(第三批)/2203/ [索取号:G613.3/10=2] | 在馆 | |
| 6 | 2001601459 | 2001601459 | 辽三/辽宁北配(第三批)/2203/ [索取号:G613.3/10=2] | 在馆 | |
| 7 | 2001601460 | 2001601460 | 辽三/辽宁北配(第三批)/2203/ [索取号:G613.3/10=2] | 在馆 | |
| 8 | 2001601461 | 2001601461 | 辽三/辽宁北配(第三批)/2203/ [索取号:G613.3/10=2] | 在馆 | |
| 9 | 2001601462 | 2001601462 | 辽三/辽宁北配(第三批)/2203/ [索取号:G613.3/10=2] | 在馆 | |
| 10 | 2001601463 | 2001601463 | 辽三/辽宁北配(第三批)/2203/ [索取号:G613.3/10=2] | 在馆 | |
| 11 | 2001601464 | 2001601464 | 辽三/辽宁北配(第三批)/2203/ [索取号:G613.3/10=2] | 在馆 | |
| 12 | 2001601465 | 2001601465 | 辽三/辽宁北配(第三批)/2203/ [索取号:G613.3/10=2] | 在馆 | |
| 13 | 2001601466 | 2001601466 | 辽三/辽宁北配(第三批)/2203/ [索取号:G613.3/10=2] | 在馆 | |
| 14 | 2001601467 | 2001601467 | 辽三/辽宁北配(第三批)/2203/ [索取号:G613.3/10=2] | 在馆 | |
| 15 | 2001601468 | 2001601468 | 辽三/辽宁北配(第三批)/2203/ [索取号:G613.3/10=2] | 在馆 | |
| 16 | 2001601469 | 2001601469 | 辽三/辽宁北配(第三批)/2203/ [索取号:G613.3/10=2] | 在馆 | |
| 17 | 2001601470 | 2001601470 | 辽三/辽宁北配(第三批)/2203/ [索取号:G613.3/10=2] | 在馆 | |
| 18 | 2001601471 | 2001601471 | 辽三/辽宁北配(第三批)/2203/ [索取号:G613.3/10=2] | 在馆 | |
| 19 | 2001601472 | 2001601472 | 辽三/辽宁北配(第三批)/2203/ [索取号:G613.3/10=2] | 在馆 | |
| 20 | 2001601473 | 2001601473 | 辽三/辽宁北配(第三批)/2203/ [索取号:G613.3/10=2] | 在馆 | |
| 21 | 2001601474 | 2001601474 | 辽三/辽宁北配(第三批)/2203/ [索取号:G613.3/10=2] | 在馆 | |
| 22 | 2001601475 | 2001601475 | 辽三/辽宁北配(第三批)/2203/ [索取号:G613.3/10=2] | 在馆 | |
| 23 | 2001601476 | 2001601476 | 辽三/辽宁北配(第三批)/2203/ [索取号:G613.3/10=2] | 在馆 |